Frankly In Love Vocab 2 - Statistics

General Stats
  • This quiz has been taken 44 times
  • The average score is 9 of 24
Answer Stats
Hint Answer % Correct
unorganized, unplanned impromptu
67%
undoubtedly unequivocally
67%
to be spread out or rolled unfurl
67%
wide agape
50%
frees something or someone from restraints, releases extricates
50%
impossible to defeat indomitable
50%
thin, graceful lithe
50%
in its original condition pristine
50%
sleepy,drowsy somnolent
50%
splendid looking sumptuous
50%
to have a common boundary with abuts
33%
to not give a proper impression; to disguise belies
33%
abandoned dereliction
33%
looking or sounding sad lugubrious
33%
apparently, perhaps but not actually ostensibly
33%
having a stubborn attitude recalcitrant
33%
repetitive recursive
33%
inhumane, lustfull wanton
33%
having or showing a feeling of vague or regretful longing wistful
33%
eager or curious to hear something agog
17%
outwards, flung out wildly akimbo
17%
completely, directly diametrically
17%
noisy, out of control obstreperous
17%
strongly influencing later events seminal
17%
No matching quizzes found
Score Distribution
Percent of People with Each Score
Percentile by Number Answered
Your Score History
You have not taken this quiz